[Event "17. Int. Boeblinger Open"]
[Site "Boeblingen"]
[Date "2000.12.27"]
[Round "3"]
[White "Scholz, Christian"]
[Black "Schemm, Heiko"]
[Result "1-0"]
[WhiteElo "2324"]
[BlackElo "1942"]
[PlyCount "59"]
[EventDate "2000.12.26"]

1. d4 d5 2. c4 e6 3. Nc3 c6 4. e3 Nf6 5. Nf3 Nbd7 6. Qc2 Bd6 7. Bd3 dxc4 8.
Bxc4 e5 9. O-O O-O 10. Rd1 Qc7 11. h3 h6 12. e4 exd4 13. Nxd4 Ne5 14. Bf1 Ng6
15. b3 Re8 16. Bb2 Nf4 17. Re1 Bd7 18. a3 Rad8 19. Rad1 Bc8 20. b4 a6 21. Na4
N6h5 22. Nf3 Ng6 23. e5 Bf8 24. Bd4 Qb8 25. g3 Ne7 26. Nc5 Nd5 27. Nh4 g6 28.
Nxg6 fxg6 29. Qxg6+ Ng7 30. e6 1-0

[Event "17. Int. Boeblinger Open"]
[Site "Boeblingen"]
[Date "2000.12.27"]
[Round "3"]
[White "Szenetra, Werner"]
[Black "Koch, Frank"]
[Result "1-0"]
[WhiteElo "2193"]
[BlackElo "1997"]
[PlyCount "71"]
[EventDate "2000.12.26"]

1. Nf3 Nf6 2. g3 b6 3. Bg2 Bb7 4. O-O e6 5. d3 c5 6. e4 d6 7. Nc3 Nbd7 8. Nh4
a6 9. a4 Qc7 10. f4 Be7 11. Qe2 O-O 12. Bd2 Rfe8 13. Rae1 Bf8 14. g4 g6 15. Bf3
Re7 16. Qg2 Bg7 17. e5 Bxf3 18. Qxf3 Nd5 19. Nxd5 exd5 20. Qxd5 Qd8 21. Qxd6
Ra7 22. Nf3 Qe8 23. Bc3 Re6 24. Qd5 Nf8 25. a5 Qc8 26. Ng5 Rd7 27. Qg2 Rc6 28.
axb6 Rxb6 29. f5 h6 30. e6 fxe6 31. fxe6 Re7 32. Rf7 Rbxe6 33. Rxe7 Rxe1+ 34.
Rxe1 Bxc3 35. bxc3 hxg5 36. Qd5+ 1-0

[Event "17. Int. Boeblinger Open"]
[Site "Boeblingen"]
[Date "2000.12.27"]
[Round "3"]
[White "Wartlick, Karl"]
[Black "Wornath, Kai Rudolf"]
[Result "0-1"]
[WhiteElo "2152"]
[BlackElo "2391"]
[PlyCount "42"]
[EventDate "2000.12.26"]

1. e4 e6 2. d4 d5 3. Nc3 Nf6 4. e5 Nfd7 5. f4 c5 6. Nf3 Nc6 7. Be3 Qb6 8. Na4
Qa5+ 9. c3 b6 10. Bd2 c4 11. b4 Nxb4 12. cxb4 Bxb4 13. Qc2 Bxd2+ 14. Nxd2 O-O
15. g3 b5 16. Nc3 b4 17. Ne2 Ba6 18. Bh3 c3 19. Nb3 Qb6 20. a4 bxa3 21. O-O
Bxe2 0-1

[Event "17. Int. Boeblinger Open"]
[Site "Boeblingen"]
[Date "2000.12.27"]
[Round "3"]
[White "Werner, Clemens"]
[Black "Koch, Moritz"]
[Result "1-0"]
[WhiteElo "2347"]
[BlackElo "1985"]
[PlyCount "87"]
[EventDate "2000.12.26"]

1. e4 c5 2. Nf3 d6 3. Bb5+ Nc6 4. O-O Bd7 5. Re1 Nf6 6. c3 a6 7. Bf1 Bg4 8. h3
Bh5 9. d3 e5 10. Nbd2 Be7 11. Nc4 h6 12. Ne3 g5 13. Nf5 Bg6 14. Nxe7 Qxe7 15.
a4 Nh5 16. g3 Ng7 17. Bg2 Ne6 18. Nd2 Qc7 19. Nc4 b6 20. Ne3 O-O 21. Nd5 Qd8
22. Be3 Rb8 23. Kh2 Nc7 24. f4 f6 25. Nxc7 Qxc7 26. Rf1 Kh7 27. h4 gxh4 28.
gxh4 Rg8 29. Bh3 Qf7 30. Bg4 Qe8 31. Qf3 Rb7 32. h5 Bf7 33. Rg1 Qe7 34. Bf5+
Kh8 35. Rxg8+ Bxg8 36. Rg1 Qf8 37. Bg6 Bh7 38. Bd2 Bxg6 39. hxg6 Qg7 40. f5 Ne7
41. Kg3 Ng8 42. Rh1 Rc7 43. Rh2 Rb7 44. Qh1 1-0

[Event "17. Int. Boeblinger Open"]
[Site "Boeblingen"]
[Date "2000.12.27"]
[Round "3"]
[White "Wuest, Michael"]
[Black "Gross, Stefan"]
[Result "0-1"]
[WhiteElo "2132"]
[BlackElo "2372"]
[PlyCount "64"]
[EventDate "2000.12.26"]

1. d4 Nf6 2. c4 c5 3. d5 g6 4. Nc3 d6 5. Nf3 Bg7 6. g3 O-O 7. Bg2 e5 8. O-O Na6
9. e4 Nc7 10. Ne1 b5 11. cxb5 Rb8 12. Nc2 Nxb5 13. Nxb5 Rxb5 14. Na3 Rb4 15.
Qc2 Ba6 16. Re1 Qb8 17. b3 Rd4 18. Bb2 Bd3 19. Qc1 Bxe4 20. Bxd4 Bxg2 21. Bxe5
Bxd5 22. Bxf6 Bxf6 23. Rb1 Ba8 24. Qf4 Be5 25. Qg4 Qb7 26. f3 h5 27. Qe4 Qa6
28. Qa4 Bd4+ 29. Kg2 Qd3 30. Rf1 Qe2+ 31. Kh3 Bd5 32. Qb5 Be6+ 0-1